000 00532nam a2200193Ia 4500
003 OSt
005 20251211101436.0
008 250729s2005 xx 000 0 und d
040 _cAL
041 _akan
082 _a954.1 QUAA
100 _aಕ್ವಾಡ್ರಸ್ ಸ್ಟೀವನ್
_9226708
245 _aಆಧುನಿಕ ಕರ್ನಾಟಕದ ಇತಿಹಾಸ
260 _aಕಟಪಾಡಿ
_c2005
300 _a206p
650 _aHistory
_9226709
700 _aRao Digumurthi
_9226710
942 _2ddc
_cBED
999 _c237394
_d237394